| 000 | 006220000a22001930004500 | ||
|---|---|---|---|
| 090 |
_aAR _b02091 |
||
| 245 | 1 | 0 | _aAdult-obtained pyrrolizidine alkaloids defend ithomiine butterflies against a spider predator |
| 650 | 1 | 4 |
_aEntomología _94483 |
| 650 | 1 | 4 |
_aCoevolución _97461 |
| 650 | 1 | 4 |
_aFisiología animal _99500 |
| 650 | 1 | 4 |
_aMariposas _993025 |
| 650 | 1 | 4 |
_aEnemigos naturales _910149 |
| 650 | 1 | 4 |
_aAracnidos _99369 |
| 651 | 4 |
_pBrasil _992749 |
|
| 041 | 0 | _aInglés | |
| 100 | 1 |
_aBrown, Keith S. _914369 |
|
| 942 | _cARTICULO | ||
| 773 | 1 |
_tNature: International Weekly Journal of Science _3172 _h5970 _q707-709 _d1984 _g309 |
|
| 999 |
_c11168 _d11168 |
||